Celopodnikové koncepcie manažmentu rizika v novej ekonomike

Zvyšovanie významu rizika a jeho dosah na zmeny v systémoch riadenia podnikateľského rizika. Koncepcie celopodnikového manažmentu rizika (EWRM). Komplexný prístup k riadeniu rizika na úrovni strategického manažmentu s využitím najmodernejších techník a softvérovej podpory.

Uložené v:
Podrobná bibliografia
Hlavný autor: Varcholová, Tatiana
Médium: Kapitola
Jazyk:Slovak
Predmet:
Tagy: Pridať tag
Žiadne tagy, Buďte prvý, kto otaguje tento záznam!

MARC

LEADER 00000naa$a2200000$$$4500
001 0050931
005 20240502083134.4
041 0 |a slo 
044 |a CZ 
245 1 0 |a Celopodnikové koncepcie manažmentu rizika v novej ekonomike  |c Tatiana Varcholová 
520 |a Zvyšovanie významu rizika a jeho dosah na zmeny v systémoch riadenia podnikateľského rizika. Koncepcie celopodnikového manažmentu rizika (EWRM). Komplexný prístup k riadeniu rizika na úrovni strategického manažmentu s využitím najmodernejších techník a softvérovej podpory. 
610 2 0 |a ekonomika nová 
610 2 0 |a riadenie rizík 
610 2 0 |a riziko podnikateľské 
610 2 0 |a manažment strategický 
610 2 0 |a EWRM 
610 2 0 |a kompetencie 
100 1 |a Varcholová, Tatiana